<?xml version="1.0" encoding="UTF-8"?>
<marc:record xmlns:marc="http://www.loc.gov/MARC21/slim">
   <marc:leader>00000nam a2200000 a 4500</marc:leader>
   <marc:datafield ind1="1" ind2=" " tag="100">
      <marc:subfield code="a">Schenk, Otto</marc:subfield>
      <marc:subfield code="4">aut</marc:subfield>
      <marc:subfield code="e">Verfasser/-in</marc:subfield>
   </marc:datafield>
   <marc:datafield ind1="0" ind2="0" tag="245">
      <marc:subfield code="a">"Nach außen bin ich ja viel jünger"</marc:subfield>
   </marc:datafield>
   <marc:datafield ind1="0" ind2="0" tag="245">
      <marc:subfield code="c">Otto Schenk</marc:subfield>
   </marc:datafield>
   <marc:datafield ind1=" " ind2="1" tag="264">
      <marc:subfield code="a">München</marc:subfield>
      <marc:subfield code="b">Amalthea</marc:subfield>
      <marc:subfield code="c">2005</marc:subfield>
   </marc:datafield>
   <marc:datafield ind1="1" ind2=" " tag="520">
      <marc:subfield code="a">Otto Schenk ist beliebt. Otto Schenk ist sogar ein "Publikumsliebling": Da kann es schon vorkommen, dass ein Buch wie dieses produziert wird. Aber es wundert einen doch ein bisserl.   Gratulationsbriefe, Kondolenzbriefe, Dankschreiben und ähnliche Belanglosigkeiten, locker gedruckt, mit Fotos und Fremdbeiträgen auf etwa 300 Seiten gestreckt, werden da als schriftstellerische Tat proklamiert und zwischen Buchdeckel getan. Ja, ja, es ist zuweilen schon ganz lustig, was Schenk seinen lieben und zumeist sogar "geliebten" Freunden und Kollegen schreibt - und es gibt in der Tat auch ein paar kleine "Juwelen" des Witzes. Zwischendurch erfährt man Ottileins Liste der Orden und Auszeichnungen, von der "goldenen Kamera" bis zum "Mostdipf", vom Heesters-Ring bis zum Berufstitel Kammerschauspieler. Das Verzeichnis der Theaterrollen und Regiearbeiten am Ende bietet auch eine wertvolle Dokumentation für Fans und Fachleute. Aber dass das reichen soll?   Es reicht offenbar. Unmittelbar nach Erscheinen ist das Buch hierzulande auf den zweiten Platz der Bestsellerliste Sachbuch gelandet.   *Bücherschau* Robert Schediwy</marc:subfield>
   </marc:datafield>
   <marc:datafield ind1=" " ind2=" " tag="020">
      <marc:subfield code="a">9783850025355</marc:subfield>
      <marc:subfield code="9">9783850025355</marc:subfield>
   </marc:datafield>
   <marc:datafield ind1=" " ind2=" " tag="041">
      <marc:subfield code="a">ger</marc:subfield>
   </marc:datafield>
   <marc:datafield ind1=" " ind2=" " tag="300">
      <marc:subfield code="a">304 S. : zahlr. Ill.</marc:subfield>
   </marc:datafield>
</marc:record>
